| 000 | 00495nam a2200169 4500 | ||
|---|---|---|---|
| 008 | 0 2005 0a 000 0ESP | ||
| 020 | _a84-205-4401-9, 978-84-205-4401-4 | ||
| 050 | _aTJ216 D67 2005 | ||
| 082 | _a629.83 D693s | ||
| 100 | _aDorf, Richard C. | ||
| 245 | _aSistemas de Control Moderno / Richard C. Dorf | ||
| 250 | _a10 | ||
| 260 | _aEspaƱa : Prentice- Hall | ||
| 300 | _axv, 882p. / 25 cm. | ||
| 650 | _a1. SISTEMAS DE CONTROL | ||
| 700 | _aI. Robert H. Bishop Coaut. | ||
| 999 |
_c22699 _d22699 |
||